[Event "Berlin Lichtenberger op 16th"]
[Site "Berlin"]
[Date "2017.08.27"]
[Round "9"]
[White "Glaesmann, Christian"]
[Black "Geisler, Oliver"]
[Result "0-1"]
[WhiteElo "1472"]
[BlackElo "1556"]
[PlyCount "92"]
[EventDate "2017.08.19"]
[EventType "swiss"]
[EventRounds "9"]
[EventCountry "GER"]
[SourceTitle "CBM 180 Extra"]
[Source "ChessBase"]
[SourceDate "2017.10.06"]
[SourceVersion "1"]
[SourceVersionDate "2017.10.06"]
[SourceQuality "1"]

1. e4 e5 2. f4 Nf6 3. Nc3 Nc6 4. Nf3 exf4 5. d4 d5 6. e5 Ne4 7. Bxf4 Bg4 8. Bd3 Nxd4 9. Nxe4 Nxf3+ 10. gxf3 dxe4 11. Bxe4 Qh4+ 12. Bg3 Qg5 13. fxg4 Rd8 14. Qf3 Qd2+ 15. Kf1 Bc5 16. e6 fxe6 17. Bf4 Qb4 18. Kg2 Rf8 19. Kh3 e5 20. c3 Qb6 21. Rad1 Rxf4 22. Rxd8+ Kxd8 23. Qd3+ Ke7 24. Rd1 Qh6+ 25. Kg3 Bd6 26. h4 g5 27. h5 Qe6 28. Bf5 e4 29. Qxd6+ Qxd6 30. Rxd6 Kxd6 31. h6 Ke5 32. Bxh7 Rf6 33. Bxe4 Kxe4 34. h7 Rh6 35. h8Q Rxh8 36. Kf2 Rh2+ 37. Kg3 Rxb2 38. c4 Rxa2 39. c5 b6 40. c6 Rd2 41. Kh3 a5 42. Kg3 a4 43. Kh3 a3 44. Kg3 a2 45. Kh3 a1Q 46. Kg3 Qc3# 0-1

[Event "Berlin Lichtenberger op 16th"]
[Site "Berlin"]
[Date "2017.08.22"]
[Round "4"]
[White "Kohlmeyer, Dagobert"]
[Black "Geisler, Oliver"]
[Result "1-0"]
[WhiteElo "1888"]
[BlackElo "1556"]
[PlyCount "87"]
[EventDate "2017.08.19"]
[EventType "swiss"]
[EventRounds "9"]
[EventCountry "GER"]
[SourceTitle "CBM 180 Extra"]
[Source "ChessBase"]
[SourceDate "2017.10.06"]
[SourceVersion "1"]
[SourceVersionDate "2017.10.06"]
[SourceQuality "1"]

1. e4 e5 2. Nf3 Nf6 3. d4 exd4 4. e5 Nd5 5. Qxd4 Nb4 6. Qd1 d6 7. a3 N4c6 8. Bf4 Qe7 9. Qe2 dxe5 10. Bxe5 Nxe5 11. Qxe5 Nc6 12. Qxe7+ Bxe7 13. Bd3 0-0 14. Nc3 a6 15. 0-0-0 Bg4 16. Be4 Rab8 17. h3 Bxf3 18. Bxf3 Ne5 19. Bd5 c6 20. Bb3 Rfd8 21. f4 Nd7 22. g3 b5 23. Ne4 Nb6 24. Rhe1 c5 25. c3 c4 26. Bc2 h6 27. g4 Nd5 28. f5 a5 29. Rh1 b4 30. axb4 axb4 31. cxb4 Nxb4 32. Kb1 Nd3 33. Bxd3 cxd3 34. Nf2 Rb3 35. Ka2 Rdb8 36. Rd2 Bf6 37. Nxd3 Rxb2+ 38. Nxb2 Ra8+ 39. Kb1 Ra3 40. Rc2 g6 41. fxg6 fxg6 42. h4 Kf7 43. Rf1 Kg7 44. Rc7+ 1-0